[Event "Mitropa Cup (Women) 1st"]
[Site "Saint Vincent"]
[Date "2002.09.29"]
[Round "2"]
[White "Hund, Barbara"]
[Black "Marchadour, Claire"]
[Result "1-0"]
[WhiteElo "2285"]
[BlackElo "2081"]
[PlyCount "99"]
[EventDate "2002.09.28"]
[EventType "team-tourn"]
[EventRounds "9"]
[EventCountry "ITA"]
[Source "ChessBase"]
[SourceDate "2002.11.07"]

1. e4 c5 2. Nf3 Nc6 3. d4 cxd4 4. Nxd4 Nf6 5. Nc3 e5 6. Ndb5 d6 7. a4 a6 8. Na3
Be6 9. Bg5 Be7 10. Bc4 O-O 11. Bxf6 Bxf6 12. Bd5 Rb8 13. Nc4 b5 14. axb5 axb5
15. Bxe6 bxc4 16. Bxc4 Rxb2 17. Bb3 Nd4 18. O-O Nxb3 19. cxb3 Qb8 20. Rb1 Rxb1
21. Qxb1 Bg5 22. Rd1 g6 23. b4 Rc8 24. Nd5 Qb5 25. g3 Qe2 26. Qd3 Qxd3 27. Rxd3
Rc1+ 28. Kg2 Rb1 29. Rc3 Bd2 30. Rc8+ Kg7 31. Rb8 Rb2 32. Kf1 h5 33. h4 Rb1+
34. Ke2 Rb2 35. Kd1 g5 36. b5 gxh4 37. gxh4 Bf4 38. Ke1 Rb1+ 39. Ke2 Rb2+ 40.
Kf1 Rb1+ 41. Kg2 Rb2 42. b6 Bd2 43. b7 Be1 44. Kf1 Bd2 45. Ne7 Kf6 46. Nf5 d5
47. Rd8 dxe4 48. Nd6 Ke7 49. b8=Q Rxb8 50. Rxb8 1-0

[Event "Mitropa Cup (Women) 1st"]
[Site "Saint Vincent"]
[Date "2002.09.29"]
[Round "2"]
[White "Lallemand, Roza"]
[Black "Ambrosi, Eleonora"]
[Result "1/2-1/2"]
[WhiteElo "2301"]
[BlackElo "2067"]
[PlyCount "112"]
[EventDate "2002.09.28"]
[EventType "team-tourn"]
[EventRounds "9"]
[EventCountry "ITA"]
[Source "ChessBase"]
[SourceDate "2002.11.07"]

1. e4 c5 2. Nf3 e6 3. d4 cxd4 4. Nxd4 Nc6 5. Be2 Qc7 6. O-O Nf6 7. Nc3 a6 8.
Kh1 Nxd4 9. Qxd4 Bc5 10. Qd3 h5 11. f4 Ng4 12. e5 d6 13. exd6 Qxd6 14. Qxd6
Bxd6 15. Ne4 Be7 16. h3 Nf6 17. Bf3 Nxe4 18. Bxe4 Bf6 19. c3 Rb8 20. Be3 b6 21.
Bc6+ Bd7 22. Bf3 Ke7 23. Rfd1 g6 24. Rd2 Ba4 25. b3 Bxc3 26. Rc1 Bxd2 27. Bxd2
Bd7 28. Bb4+ Ke8 29. Rc7 Kd8 30. Ra7 Rc8 31. Bb7 Rc1+ 32. Kh2 Bc8 33. Bxc8 Rxc8
34. Be7+ Ke8 35. Bf6 Rh7 36. Rxa6 Rb8 37. Ra7 b5 38. Be5 Rb6 39. a4 bxa4 40.
bxa4 h4 41. a5 Rb3 42. a6 Ra3 43. Bf6 Rh5 44. Re7+ Kf8 45. Ra7 Ke8 46. Bg5 e5
47. Ra8+ Kd7 48. a7 Kc7 49. Rf8 Rxa7 50. Rxf7+ Kb8 51. Rf8+ Kc7 52. Rf7+ Kb8
53. Rf6 exf4 54. Bxf4+ Kc8 55. Rxg6 Rf7 56. Rg4 Rfh7 1/2-1/2

[Event "Mitropa Cup (Women) 1st"]
[Site "Saint Vincent"]
[Date "2002.09.29"]
[Round "2"]
[White "Umpfenbach, Caroline"]
[Black "Cedikova, Katerina"]
[Result "1-0"]
[WhiteElo "2072"]
[BlackElo "2198"]
[PlyCount "101"]
[EventDate "2002.09.28"]
[EventType "team-tourn"]
[EventRounds "9"]
[EventCountry "ITA"]
[Source "ChessBase"]
[SourceDate "2002.11.07"]

1. d4 Nf6 2. c4 g6 3. Nc3 Bg7 4. e4 d6 5. Nge2 O-O 6. Ng3 e5 7. d5 Nbd7 8. Be2
a5 9. h4 h5 10. Bg5 Re8 11. a4 Nf8 12. f3 N8h7 13. Be3 Nd7 14. Nf1 f5 15. g3
Ndf6 16. Nd2 Qe7 17. Qc2 Rf8 18. O-O-O Bd7 19. Bd3 fxe4 20. Ndxe4 Bf5 21. Rdf1
c6 22. Nxf6+ Qxf6 23. g4 Bxd3 24. Qxd3 cxd5 25. Qxd5+ Kh8 26. Ne4 Qf7 27. g5
Qxd5 28. cxd5 Rfd8 29. Kd2 Nf8 30. Bb6 Rd7 31. Rc1 Ra6 32. Be3 Ra8 33. Ke2 Kg8
34. Rc2 Kf7 35. Rhc1 Ke7 36. b3 Rb8 37. Bb6 Ra8 38. Rc7 Ra6 39. Be3 Kd8 40.
Rc8+ Ke7 41. Kd3 Nh7 42. Rb8 Nf8 43. Rcc8 Kf7 44. Kc4 Ke7 45. Kb5 Kf7 46. Bb6
Nh7 47. Bxa5 Nf8 48. Bb6 Ke7 49. Nf6 Rxb6+ 50. Kxb6 e4 51. fxe4 1-0

[Event "Mitropa Cup (Women) 1st"]
[Site "Saint Vincent"]
[Date "2002.09.30"]
[Round "3"]
[White "Ambrosi, Eleonora"]
[Black "Hund, Barbara"]
[Result "0-1"]
[WhiteElo "2067"]
[BlackElo "2285"]
[PlyCount "82"]
[EventDate "2002.09.28"]
[EventType "team-tourn"]
[EventRounds "9"]
[EventCountry "ITA"]
[Source "ChessBase"]
[SourceDate "2002.11.07"]

1. e4 e5 2. Nf3 Nc6 3. Bb5 a6 4. Bxc6 dxc6 5. O-O f6 6. d4 exd4 7. Nxd4 c5 8.
Nb3 Qxd1 9. Rxd1 Bd6 10. Be3 b6 11. Nc3 Ne7 12. f4 Bb7 13. a4 Ng6 14. g3 O-O-O
15. Nd2 h5 16. Nc4 h4 17. Nd5 hxg3 18. hxg3 Kb8 19. Bf2 f5 20. Nc3 fxe4 21. Ne3
Ne7 22. Kg2 g6 23. Rh1 Nf5 24. Rxh8 Rxh8 25. Rh1 Rxh1 26. Kxh1 Nxe3 27. Bxe3
Bc6 28. Kh2 Kc8 29. Kh3 Kd7 30. Kg4 Ke6 31. Kg5 Kf7 32. b3 Be7+ 33. Kh6 Bf6 34.
Ne2 c4 35. Nd4 cxb3 36. cxb3 Bd5 37. b4 c5 38. bxc5 bxc5 39. Ne2 Bc4 40. Nc1
Bd4 41. Bd2 e3 0-1

[Event "Mitropa Cup (Women) 1st"]
[Site "Saint Vincent"]
[Date "2002.09.30"]
[Round "3"]
[White "Folkova, Martina"]
[Black "Macek, Vlasta"]
[Result "0-1"]
[WhiteElo "2193"]
[BlackElo "2222"]
[PlyCount "134"]
[EventDate "2002.09.28"]
[EventType "team-tourn"]
[EventRounds "9"]
[EventCountry "ITA"]
[Source "ChessBase"]
[SourceDate "2002.11.07"]

1. e4 e6 2. d4 d5 3. Nd2 Nf6 4. e5 Nfd7 5. Bd3 c5 6. c3 Nc6 7. Ne2 cxd4 8. cxd4
a5 9. O-O a4 10. f4 g6 11. Nf3 Nb6 12. a3 Na5 13. Bc2 Bd7 14. Nc3 Nac4 15. Qd3
Qc7 16. Ng5 Bc6 17. g4 h6 18. Qh3 O-O-O 19. Nf3 Bd7 20. Ne1 Be7 21. b3 axb3 22.
Bxb3 h5 23. g5 Na5 24. Bd1 Kb8 25. Qd3 Nbc4 26. a4 Rc8 27. Rb1 Bc6 28. Nc2 Qd7
29. Nb4 Ka8 30. Nb5 Bxb5 31. axb5 Bxb4 32. Rxb4 b6 33. Bd2 Nxd2 34. Qxd2 Qc7
35. Bf3 Qc3 36. Rf2 Kb8 37. Kg2 h4 38. Ra4 Qxd2 39. Rxd2 Rc3 40. Rda2 Rhc8 41.
Be2 Rc2 42. Kh3 R2c3+ 43. Kg2 Kb7 44. Kf2 Rh3 45. Kg2 Rcc3 46. Bg4 Rhe3 47. Re2
Red3 48. Rf2 Rc4 49. Rxc4 Nxc4 50. Be2 h3+ 51. Kg1 Rxd4 52. Bxc4 Rxc4 53. Rf3
Rb4 54. Kf2 Rxb5 55. Rxh3 Rb2+ 56. Ke1 Rc2 57. Rh7 Rc7 58. Kd2 b5 59. Rh3 Kb6
60. Rf3 Ra7 61. h3 Ra2+ 62. Kc1 b4 63. h4 Rh2 64. f5 exf5 65. Rf4 Kc5 66. Kd1
b3 67. Kc1 d4 0-1

[Event "Mitropa Cup (Women) 1st"]
[Site "Saint Vincent"]
[Date "2002.09.30"]
[Round "3"]
[White "Krivec, Jana"]
[Black "Lallemand, Roza"]
[Result "1-0"]
[WhiteElo "2253"]
[BlackElo "2301"]
[PlyCount "75"]
[EventDate "2002.09.28"]
[EventType "team-tourn"]
[EventRounds "9"]
[EventCountry "ITA"]
[Source "ChessBase"]
[SourceDate "2002.11.07"]

1. e4 c5 2. Nf3 Nc6 3. d4 cxd4 4. Nxd4 Qc7 5. Nc3 e6 6. g3 a6 7. Bg2 Nf6 8. O-O
Bb4 9. Nxc6 bxc6 10. Na4 d5 11. exd5 cxd5 12. c4 O-O 13. Bg5 Ne4 14. Be3 Bb7
15. cxd5 exd5 16. Rc1 Qe5 17. Bf4 Qe8 18. Nb6 Rd8 19. Bc7 Qe6 20. Bxd8 Rxd8 21.
Na4 d4 22. a3 Be7 23. Qd3 f5 24. Rfe1 Qd6 25. f3 Ng5 26. Nc5 Bc8 27. Qb3+ Nf7
28. f4 Bf6 29. Bd5 Qf8 30. Nb7 Bxb7 31. Qxb7 d3 32. Rc7 Kh8 33. Bxf7 d2 34. Rd1
Qd6 35. Rc8 Qd4+ 36. Kg2 Qd3 37. Rxd8+ Bxd8 38. Qf3 1-0

[Event "Mitropa Cup (Women) 1st"]
[Site "Saint Vincent"]
[Date "2002.09.30"]
[Round "3"]
[White "Medic, Mirjana"]
[Black "Hitzgerova, Gabriela"]
[Result "0-1"]
[WhiteElo "2279"]
[BlackElo "2230"]
[PlyCount "208"]
[EventDate "2002.09.28"]
[EventType "team-tourn"]
[EventRounds "9"]
[EventCountry "ITA"]
[Source "ChessBase"]
[SourceDate "2002.11.07"]

1. d4 Nf6 2. c4 g6 3. Nf3 Bg7 4. g3 O-O 5. Bg2 d6 6. O-O a6 7. Nc3 Nc6 8. h3
Rb8 9. e4 Nd7 10. Be3 Na5 11. b3 b5 12. cxb5 axb5 13. Rc1 b4 14. Na4 c6 15. Qd2
Ba6 16. Rfd1 Bb5 17. Nb2 c5 18. dxc5 Nxc5 19. e5 Ne6 20. Nd3 dxe5 21. Nxb4 Qxd2
22. Rxd2 e4 23. Ne1 f5 24. Nd5 Kf7 25. f3 exf3 26. Nxf3 Rfc8 27. Rcd1 Be8 28.
Bb6 Nc6 29. a4 Nb4 30. a5 Nxd5 31. Rxd5 Bc6 32. R5d2 Be4 33. Rf1 Ke8 34. Ne1
Rc3 35. Re2 Rxg3 36. Kf2 Rxb3 37. Bxe4 fxe4 38. h4 Bd4+ 39. Bxd4 Nxd4 40. Rxe4
Nf5 41. Rg1 Ra3 42. Rgg4 Rb2+ 43. Re2 Rxe2+ 44. Kxe2 Rxa5 45. Nf3 Ra3 46. Ng5
Ra2+ 47. Kd3 Rh2 48. Nf3 Rh3 49. Ke2 Rg3 50. Ra4 Rg2+ 51. Kd3 Rg3 52. Ke2 Rg2+
53. Kd3 h5 54. Ra6 Kf8 55. Ke4 Rg4+ 56. Ke5 Nxh4 57. Nxh4 Rxh4 58. Rxg6 Ra4 59.
Rh6 Ra5+ 60. Kf4 Kg7 61. Re6 Kf7 62. Rh6 Rb5 63. Ke4 h4 64. Kf4 Ra5 65. Kg4
Ra4+ 66. Kf5 e6+ 67. Ke5 Ra5+ 68. Kf4 Ke7 69. Rh8 Rb5 70. Ke4 Kd7 71. Kf4 Rb1
72. Ke5 h3 73. Kf4 Kd6 74. Rd8+ Ke7 75. Rh8 Kd7 76. Kg4 Kd6 77. Rd8+ Ke5 78.
Re8 Kd5 79. Kf3 Rg1 80. Rd8+ Ke5 81. Rh8 Ra1 82. Rh5+ Kd4 83. Rh4+ Kd5 84. Rh8
Ra2 85. Kg3 h2 86. Kf3 Rb2 87. Ke3 e5 88. Rd8+ Ke6 89. Re8+ Kf6 90. Rh8 Kg7 91.
Rh4 Kg6 92. Kf3 Kg5 93. Rh8 Ra2 94. Rg8+ Kf6 95. Rh8 Kg7 96. Rh4 Kg6 97. Rh8
Kf6 98. Rh6+ Kg5 99. Rh8 e4+ 100. Kxe4 Kg4 101. Kd3 Kg3 102. Kc3 Kg2 103. Rg8+
Kf1 104. Rf8+ Rf2 0-1

[Event "Mitropa Cup (Women) 1st"]
[Site "Saint Vincent"]
[Date "2002.09.30"]
[Round "3"]
[White "Milliet, Sophie"]
[Black "Mihevc Mohr, Narcisa"]
[Result "1-0"]
[WhiteElo "2173"]
[BlackElo "2110"]
[PlyCount "93"]
[EventDate "2002.09.28"]
[EventType "team-tourn"]
[EventRounds "9"]
[EventCountry "ITA"]
[Source "ChessBase"]
[SourceDate "2002.11.07"]

1. e4 c5 2. d3 Nc6 3. g3 g6 4. Bg2 Bg7 5. f4 d6 6. Nf3 e6 7. c3 d5 8. O-O Nge7
9. Be3 d4 10. Bf2 O-O 11. c4 Rb8 12. Nbd2 Nb4 13. Qe2 b6 14. a3 Nbc6 15. e5 b5
16. cxb5 Rxb5 17. Ne4 Qb6 18. Rab1 Ba6 19. Rfc1 Rb8 20. Rc2 Nd5 21. Rbc1 Bf8
22. b4 Ncxb4 23. axb4 Nxb4 24. Nf6+ Kg7 25. Nd7 Qa5 26. Nxb8 Rxb8 27. Be1 Qa3
28. Bxb4 Rxb4 29. Ne1 Bb5 30. Qd2 Qa5 31. Ra2 Qb6 32. Rca1 a6 33. Rb2 a5 34.
Rab1 c4 35. dxc4 Bxc4 36. Kh1 Rxb2 37. Qxb2 Qxb2 38. Rxb2 Bb4 39. Nf3 Bc3 40.
Rb7 a4 41. Ra7 Bb5 42. Ng5 d3 43. Bf3 Kg8 44. Ne4 Bb4 45. Rb7 a3 46. Rxb5 a2
47. Rb8+ 1-0

[Event "Mitropa Cup (Women) 1st"]
[Site "Saint Vincent"]
[Date "2002.09.30"]
[Round "3"]
[White "Mueller, Sebastian"]
[Black "Fittante, Giuliana"]
[Result "1-0"]
[WhiteElo "2305"]
[BlackElo "2011"]
[PlyCount "67"]
[EventDate "2002.09.28"]
[EventType "team-tourn"]
[EventRounds "9"]
[EventCountry "ITA"]
[Source "ChessBase"]
[SourceDate "2002.11.07"]

1. e4 e5 2. Nf3 Nf6 3. d4 Nxe4 4. Bd3 d5 5. Nxe5 Nd7 6. Nxd7 Bxd7 7. O-O Qh4 8.
c4 O-O-O 9. c5 g5 10. f3 Nf6 11. Be3 Bg7 12. Qd2 Rde8 13. g3 Qh5 14. Nc3 Bh3
15. Rf2 g4 16. f4 Re7 17. Re2 Rhe8 18. Rae1 Ne4 19. Bxe4 dxe4 20. Bf2 Qg6 21.
Be3 c6 22. b4 Rd7 23. Rd1 f5 24. Qc2 Qf6 25. Red2 h5 26. a4 h4 27. b5 hxg3 28.
hxg3 Qd8 29. Qb3 Ree7 30. Qb4 Qh8 31. Rb1 Rc7 32. a5 Qe8 33. a6 Qg6 34. b6 1-0

[Event "Mitropa Cup (Women) 1st"]
[Site "Saint Vincent"]
[Date "2002.10.01"]
[Round "4"]
[White "Fittante, Giuliana"]
[Black "Verot, Melanie"]
[Result "1/2-1/2"]
[WhiteElo "2011"]
[BlackElo "2077"]
[PlyCount "56"]
[EventDate "2002.09.28"]
[EventType "team-tourn"]
[EventRounds "9"]
[EventCountry "ITA"]
[Source "ChessBase"]
[SourceDate "2002.11.07"]

1. d4 d5 2. Nf3 e6 3. Bg5 Nf6 4. e3 c5 5. c3 Nc6 6. Bd3 Qb6 7. b3 c4 8. Bc2 Be7
9. Nbd2 Qa5 10. bxc4 Qxc3 11. Bxf6 Bxf6 12. cxd5 exd5 13. O-O O-O 14. Rc1 Qa5
15. Nb3 Qd8 16. Nc5 b6 17. Ba4 Na5 18. Nd3 Ba6 19. Re1 Bc4 20. Nb4 Be7 21. a3
b5 22. Bc2 Rc8 23. Ne5 f6 24. Qh5 h6 25. Qg6 fxe5 26. Qh7+ Kf7 27. Qg6+ Kg8 28.
Qh7+ Kf7 1/2-1/2

[Event "Mitropa Cup (Women) 1st"]
[Site "Saint Vincent"]
[Date "2002.10.01"]
[Round "4"]
[White "Hund, Barbara"]
[Black "Krivec, Jana"]
[Result "1/2-1/2"]
[WhiteElo "2285"]
[BlackElo "2253"]
[PlyCount "101"]
[EventDate "2002.09.28"]
[EventType "team-tourn"]
[EventRounds "9"]
[EventCountry "ITA"]
[Source "ChessBase"]
[SourceDate "2002.11.07"]

1. e4 e5 2. Bc4 Nf6 3. d3 Nc6 4. Nc3 Na5 5. Bg5 Be7 6. Nf3 d6 7. a3 Nxc4 8.
dxc4 h6 9. Bxf6 Bxf6 10. Nd5 O-O 11. Qd3 c6 12. Nxf6+ Qxf6 13. Nd2 Rd8 14. Nf1
a6 15. a4 Rb8 16. Ne3 b5 17. axb5 axb5 18. b3 bxc4 19. Qxc4 Bb7 20. Rd1 d5 21.
exd5 cxd5 22. Nxd5 Qe6 23. Ne3 Rxd1+ 24. Kxd1 Qd6+ 25. Qd3 Qf6 26. Ke2 e4 27.
Qd2 Ba6+ 28. Nc4 Qg6 29. Qf4 Re8 30. Rd1 Bxc4+ 31. bxc4 e3 32. Rd3 exf2+ 33.
Kxf2 Qb6+ 34. Kg3 Re6 35. Kh3 Rg6 36. g3 Rf6 37. Qd4 Qe6+ 38. Qg4 Qe1 39. Rd8+
Kh7 40. Qd1 Qe6+ 41. Qg4 Rf5 42. Rd5 Rxd5 43. cxd5 Qxd5 44. c4 Qd3 45. Qf4 f5
46. c5 g5 47. Qc7+ Kg8 48. Qc8+ Kf7 49. Qc7+ Kg8 50. Qc8+ Kf7 51. Qc7+ 1/2-1/2

[Event "Mitropa Cup (Women) 1st"]
[Site "Saint Vincent"]
[Date "2002.10.01"]
[Round "4"]
[White "Kaps, Darja"]
[Black "Mueller, Sebastian"]
[Result "1-0"]
[WhiteElo "2229"]
[BlackElo "2305"]
[PlyCount "69"]
[EventDate "2002.09.28"]
[EventType "team-tourn"]
[EventRounds "9"]
[EventCountry "ITA"]
[Source "ChessBase"]
[SourceDate "2002.11.07"]

1. e4 c5 2. Nf3 d6 3. d4 cxd4 4. Nxd4 Nf6 5. Nc3 a6 6. Bc4 e6 7. Bb3 b5 8. O-O
Bb7 9. Re1 Nbd7 10. Bg5 Nc5 11. f4 Be7 12. f5 Nxb3 13. cxb3 e5 14. Bxf6 Bxf6
15. Nc2 Rc8 16. Kh1 b4 17. Nxb4 Bg5 18. Qd3 O-O 19. Rad1 Qa5 20. Nbd5 Bxd5 21.
Qxd5 Rc5 22. Qxd6 Rd8 23. b4 Rxd6 24. bxa5 Rd4 25. g3 h5 26. Nd5 Rc2 27. f6
Rxb2 28. Ne7+ Kh7 29. Nf5 Rxd1 30. Rxd1 Bxf6 31. Rd6 Rxa2 32. Rxa6 Ra4 33. Nd6
Bd8 34. Nxf7 Bxa5 35. Ng5+ 1-0

[Event "Mitropa Cup (Women) 1st"]
[Site "Saint Vincent"]
[Date "2002.10.01"]
[Round "4"]
[White "Lallemand, Roza"]
[Black "Helm, Leonie"]
[Result "1-0"]
[WhiteElo "2301"]
[BlackElo "2242"]
[PlyCount "61"]
[EventDate "2002.09.28"]
[EventType "team-tourn"]
[EventRounds "9"]
[EventCountry "ITA"]
[Source "ChessBase"]
[SourceDate "2002.11.07"]

1. e4 c5 2. Nf3 Nc6 3. d4 cxd4 4. Nxd4 Qc7 5. Nc3 e6 6. Be2 a6 7. O-O Nf6 8.
Kh1 Be7 9. f4 d6 10. Be3 O-O 11. Qe1 Nxd4 12. Bxd4 b5 13. a3 Bb7 14. Qg3 Bc6
15. Rae1 Qb7 16. Bf3 b4 17. axb4 Rad8 18. Nd1 d5 19. exd5 Bxd5 20. Bxd5 Rxd5
21. c3 Rfd8 22. Ne3 Rxd4 23. cxd4 Rxd4 24. f5 Bd6 25. Qf3 Qxf3 26. gxf3 Rd2 27.
Rd1 Bxb4 28. Rxd2 Bxd2 29. Rd1 Bb4 30. Rd8+ Bf8 31. Ng4 1-0

[Event "Mitropa Cup (Women) 1st"]
[Site "Saint Vincent"]
[Date "2002.10.01"]
[Round "4"]
[White "Marchadour, Claire"]
[Black "Ambrosi, Eleonora"]
[Result "0-1"]
[WhiteElo "2081"]
[BlackElo "2067"]
[PlyCount "64"]
[EventDate "2002.09.28"]
[EventType "team-tourn"]
[EventRounds "9"]
[EventCountry "ITA"]
[Source "ChessBase"]
[SourceDate "2002.11.07"]

1. e4 e6 2. d4 d5 3. Nc3 Nf6 4. Bg5 dxe4 5. Nxe4 Be7 6. Bxf6 gxf6 7. Nf3 f5 8.
Ng3 c5 9. c3 cxd4 10. Nxd4 Bd7 11. Qb3 Nc6 12. Rd1 Nxd4 13. Rxd4 Qc7 14. Bb5
Qe5+ 15. Be2 Bc6 16. f3 f4 17. Ne4 f5 18. Nf2 Bh4 19. Qc2 Qe3 20. O-O Ke7 21.
Qd2 Bxf2+ 22. Rxf2 Rad8 23. Bc4 Rxd4 24. cxd4 Rd8 25. Qb4+ Kf6 26. d5 exd5 27.
Qa5 Rd7 28. Bb3 b6 29. Qa6 Qc1+ 30. Rf1 Qc5+ 31. Rf2 Bb5 32. Qa3 Qc1+ 0-1

[Event "Mitropa Cup (Women) 1st"]
[Site "Saint Vincent"]
[Date "2002.10.01"]
[Round "4"]
[White "Umpfenbach, Caroline"]
[Black "Milliet, Sophie"]
[Result "0-1"]
[WhiteElo "2072"]
[BlackElo "2173"]
[PlyCount "78"]
[EventDate "2002.09.28"]
[EventType "team-tourn"]
[EventRounds "9"]
[EventCountry "ITA"]
[Source "ChessBase"]
[SourceDate "2002.11.07"]

1. d4 d5 2. c4 Nc6 3. Nf3 Bg4 4. e3 e5 5. cxd5 Qxd5 6. Nc3 Bb4 7. Be2 Rd8 8.
O-O Bxc3 9. bxc3 e4 10. Nd2 Bxe2 11. Qxe2 Nf6 12. c4 Qf5 13. Rb1 b6 14. Rb5 Qd7
15. Ba3 h6 16. f3 a6 17. Rb2 exf3 18. Qxf3 Rb8 19. Nb3 a5 20. Nd2 Nb4 21. Ne4
Nxe4 22. Qxe4+ Qe7 23. Qxe7+ Kxe7 24. Bxb4+ axb4 25. Rxb4 Ra8 26. c5 bxc5 27.
dxc5 Rhb8 28. a3 Rxb4 29. axb4 Ra2 30. Rd1 Rc2 31. Rd4 Ke6 32. h3 h5 33. Kh2 g5
34. Kg3 h4+ 35. Kf3 f6 36. g3 Rh2 37. gxh4 Rxh3+ 38. Kg2 Rxe3 39. hxg5 fxg5 0-1

[Event "Mitropa Cup (Women) 1st"]
[Site "Saint Vincent"]
[Date "2002.10.02"]
[Round "5"]
[White "Helm, Leonie"]
[Black "Hund, Barbara"]
[Result "1/2-1/2"]
[WhiteElo "2242"]
[BlackElo "2285"]
[PlyCount "41"]
[EventDate "2002.09.28"]
[EventType "team-tourn"]
[EventRounds "9"]
[EventCountry "ITA"]
[Source "ChessBase"]
[SourceDate "2002.11.07"]

1. e4 e5 2. Nf3 Nc6 3. Bb5 a6 4. Ba4 Nf6 5. O-O b5 6. Bb3 Be7 7. Re1 O-O 8. a4
b4 9. d3 d6 10. a5 Bg4 11. c3 bxc3 12. bxc3 Na7 13. h3 Bh5 14. d4 exd4 15. cxd4
Nb5 16. Bb2 d5 17. exd5 Bb4 18. Re5 Bd6 19. Re1 Bb4 20. Re5 Bd6 21. Re1 1/2-1/2

[Event "Mitropa Cup (Women) 1st"]
[Site "Saint Vincent"]
[Date "2002.10.02"]
[Round "5"]
[White "Krivec, Jana"]
[Black "Marchadour, Claire"]
[Result "1-0"]
[WhiteElo "2253"]
[BlackElo "2081"]
[PlyCount "63"]
[EventDate "2002.09.28"]
[EventType "team-tourn"]
[EventRounds "9"]
[EventCountry "ITA"]
[Source "ChessBase"]
[SourceDate "2002.11.07"]

1. e4 c5 2. Nf3 Nc6 3. d4 cxd4 4. Nxd4 Nf6 5. Nc3 e5 6. Ndb5 d6 7. Bg5 a6 8.
Na3 b5 9. Bxf6 gxf6 10. Nd5 Bg7 11. c3 f5 12. exf5 Bxf5 13. Nc2 O-O 14. Nce3
Be6 15. Bd3 f5 16. Qh5 e4 17. Bc2 Bxd5 18. Nxd5 Ne5 19. O-O-O Nc4 20. g4 Qe8
21. Qh4 Ra7 22. gxf5 Rxf5 23. Bxe4 Rh5 24. Nf6+ Bxf6 25. Qxf6 Rg7 26. Rhg1 Qd7
27. Bd5+ Rxd5 28. Rxg7+ Qxg7 29. Qxg7+ Kxg7 30. Rxd5 Kf6 31. b3 Ke6 32. bxc4
1-0

[Event "Mitropa Cup (Women) 1st"]
[Site "Saint Vincent"]
[Date "2002.10.02"]
[Round "5"]
[White "Medic, Mirjana"]
[Black "Lallemand, Roza"]
[Result "0-1"]
[WhiteElo "2279"]
[BlackElo "2301"]
[PlyCount "78"]
[EventDate "2002.09.28"]
[EventType "team-tourn"]
[EventRounds "9"]
[EventCountry "ITA"]
[Source "ChessBase"]
[SourceDate "2002.11.07"]

1. d4 Nf6 2. Nf3 g6 3. c4 Bg7 4. g3 d6 5. Bg2 O-O 6. O-O Nbd7 7. Nc3 e5 8. h3
Re8 9. e4 exd4 10. Nxd4 a6 11. Be3 Rb8 12. Qc2 Ne5 13. b3 c5 14. Nde2 b5 15.
cxb5 axb5 16. f4 Ned7 17. Rad1 b4 18. Na4 Qe7 19. e5 dxe5 20. Bxc5 Nxc5 21.
Qxc5 Ba6 22. Rfe1 Qxc5+ 23. Nxc5 Bxe2 24. Rxe2 exf4 25. Rxe8+ Rxe8 26. gxf4 Nh5
27. f5 gxf5 28. Rd5 Nf4 29. Rxf5 Ne2+ 30. Kh2 Be5+ 31. Rxe5 Rxe5 32. Nd3 Rb5
33. Bc6 Rb6 34. Bd5 Nc3 35. Bc4 Kg7 36. Kg3 Nxa2 37. Ne5 f6 38. Nd3 f5 39. Kf4
Kf6 0-1

[Event "Mitropa Cup (Women) 1st"]
[Site "Saint Vincent"]
[Date "2002.10.02"]
[Round "5"]
[White "Milliet, Sophie"]
[Black "Macek, Vlasta"]
[Result "1/2-1/2"]
[WhiteElo "2173"]
[BlackElo "2222"]
[PlyCount "97"]
[EventDate "2002.09.28"]
[EventType "team-tourn"]
[EventRounds "9"]
[EventCountry "ITA"]
[Source "ChessBase"]
[SourceDate "2002.11.07"]

1. e4 e6 2. Nc3 d5 3. Nf3 Nf6 4. e5 Nfd7 5. d4 h6 6. Bd3 c5 7. dxc5 Nxc5 8. O-O
Nc6 9. Bf4 a6 10. Bg3 b5 11. Ne2 Qb6 12. c3 a5 13. Ned4 Ba6 14. Bc2 Rc8 15.
Nxc6 Qxc6 16. Nd4 Qb6 17. f4 g6 18. Bh4 b4 19. Rf2 Be7 20. Qg4 Bxh4 21. Qxh4
Qd8 22. Qh3 Qe7 23. Re1 bxc3 24. bxc3 Ne4 25. Bxe4 dxe4 26. a4 Bd3 27. Nb5 Bxb5
28. axb5 Qc5 29. Rxe4 Qxb5 30. Re1 Qc5 31. Qe3 Qxe3 32. Rxe3 Rc4 33. g3 O-O 34.
Ra2 a4 35. Rd3 Rb8 36. Kf2 Rb3 37. Rd8+ Kg7 38. Ra8 g5 39. R8xa4 Rcxc3 40. Rd2
Rf3+ 41. Kg2 gxf4 42. Rxf4 Rxf4 43. gxf4 h5 44. Rf2 Kg6 45. Rf3 Rb2+ 46. Rf2
Rb1 47. Kg3 Kf5 48. Kh4 Rb8 49. h3 1/2-1/2

[Event "Mitropa Cup (Women) 1st"]
[Site "Saint Vincent"]
[Date "2002.10.02"]
[Round "5"]
[White "Mueller, Sebastian"]
[Black "Umpfenbach, Caroline"]
[Result "1/2-1/2"]
[WhiteElo "2305"]
[BlackElo "2072"]
[PlyCount "81"]
[EventDate "2002.09.28"]
[EventType "team-tourn"]
[EventRounds "9"]
[EventCountry "ITA"]
[Source "ChessBase"]
[SourceDate "2002.11.07"]

1. e4 g6 2. d4 Bg7 3. Nf3 d6 4. c3 a6 5. a4 Nf6 6. Bd3 O-O 7. O-O Nbd7 8. h3 e5
9. Re1 Re8 10. Nbd2 Nf8 11. Nc4 N6d7 12. dxe5 Nxe5 13. Ncxe5 dxe5 14. Bc2 Be6
15. Be3 h6 16. Qe2 Qf6 17. Rad1 Rad8 18. Rd2 g5 19. Nh2 Ng6 20. Red1 Rxd2 21.
Bxd2 Rd8 22. Ng4 Bxg4 23. Qxg4 Qb6 24. Bc1 Rxd1+ 25. Qxd1 Bf8 26. b3 a5 27. Bd3
Bc5 28. Qc2 Kg7 29. Bc4 Ne7 30. Qe2 Nc8 31. h4 Qf6 32. hxg5 hxg5 33. Qf3 Nd6
34. Qxf6+ Kxf6 35. Bd3 c6 36. Bd2 b5 37. axb5 cxb5 38. Bc2 b4 39. cxb4 Bxb4 40.
Be3 Nb5 41. Kf1 1/2-1/2

[Event "Mitropa Cup (Women) 1st"]
[Site "Saint Vincent"]
[Date "2002.10.02"]
[Round "5"]
[White "Verot, Melanie"]
[Black "Kaps, Darja"]
[Result "0-1"]
[WhiteElo "2077"]
[BlackElo "2229"]
[PlyCount "72"]
[EventDate "2002.09.28"]
[EventType "team-tourn"]
[EventRounds "9"]
[EventCountry "ITA"]
[Source "ChessBase"]
[SourceDate "2002.11.07"]

1. d4 Nf6 2. c4 g6 3. Nc3 Bg7 4. e4 d6 5. f4 O-O 6. Nf3 c5 7. dxc5 Qa5 8. Bd3
Qxc5 9. Qe2 Bg4 10. Be3 Qc8 11. O-O Nc6 12. h3 Bxf3 13. Rxf3 Nd7 14. Qf2 Nb4
15. Bf1 Nc5 16. e5 b6 17. a3 Nc6 18. b4 dxe5 19. bxc5 e4 20. Rg3 Bxc3 21. Rc1
Bf6 22. Qc2 bxc5 23. Qxe4 Nd4 24. Bf2 Bh4 25. Bd3 Bxg3 26. Bxg3 Qe6 27. Qxe6
Nxe6 28. Be4 Rad8 29. Bh4 Nxf4 30. Rf1 Ne2+ 31. Kf2 Rd4 32. Bxe7 Re8 33. Bf3
Rxe7 34. Bxe2 Rd2 35. Re1 Kg7 36. Kf1 Ra2 0-1

[Event "Mitropa Cup (Women) 1st"]
[Site "Saint Vincent"]
[Date "2002.10.03"]
[Round "6"]
[White "Ambrosi, Eleonora"]
[Black "Krivec, Jana"]
[Result "0-1"]
[WhiteElo "2067"]
[BlackElo "2253"]
[PlyCount "104"]
[EventDate "2002.09.28"]
[EventType "team-tourn"]
[EventRounds "9"]
[EventCountry "ITA"]
[Source "ChessBase"]
[SourceDate "2002.11.07"]

1. d4 d5 2. Nf3 Nf6 3. c4 dxc4 4. Qa4+ c6 5. Qxc4 Bf5 6. Nc3 Nbd7 7. Bg5 Qb6 8.
Na4 Qa5+ 9. Bd2 Qc7 10. Nc5 b5 11. Qc1 Nxc5 12. dxc5 Ne4 13. Nd4 Nxd2 14. Qxd2
Bg6 15. e3 e5 16. Nb3 a5 17. a4 b4 18. Bc4 Be7 19. Qe2 O-O 20. e4 Kh8 21. g4 h6
22. O-O Qa7 23. Rac1 Rad8 24. Bd3 Bg5 25. Rcd1 Bf4 26. f3 Qe7 27. Qf2 Qc7 28.
Bc4 Bg5 29. Qe2 Bf4 30. Qf2 Kh7 31. Kg2 Kh8 32. Kg1 Bg5 33. Kg2 Bh7 34. Rh1 Bf4
35. Rhf1 g6 36. Qh4 Bg5 37. Qg3 f5 38. h4 Bf4 39. Qe1 Rxd1 40. Qxd1 fxg4 41.
fxg4 g5 42. Qe2 gxh4 43. Kh3 Qd8 44. Be6 Qe7 45. Bf5 Bg8 46. Nxa5 Qxc5 47. Nb7
Qa7 48. Nd6 Qxa4 49. Kxh4 Qa7 50. Rd1 Rd8 51. Nc4 Rxd1 52. Qxd1 Qe7+ 0-1